|
|
|
|
| LEADER |
00000nam a2200000 a 4500 |
| 001 |
vtls001237302 |
| 003 |
SK-MaSNL |
| 005 |
20260301112747.0 |
| 008 |
250414s1992 xo 0 slo |
| 020 |
|
|
|a 8071470937
|q (brož.)
|
| 035 |
|
|
|a SNK000184310
|
| 035 |
|
|
|a urn:nbn:sk:snk-amlk43
|
| 035 |
|
|
|a urn:nbn:sk:snk-am00bqpg
|
| 035 |
|
|
|a 90AFA7A6-0AAF-455E-AA14-40D9B5097818
|
| 040 |
|
|
|a SNK
|b slo
|c SNK
|e AACR2
|
| 041 |
0 |
|
|a slo
|
| 044 |
|
|
|a xo
|c SK
|
| 080 |
|
|
|a 087.5(084)
|2 1981
|
| 100 |
1 |
|
|a Tierres, Michael
|4 aut
|9 284591
|
| 245 |
1 |
0 |
|a Fantóm 5
|h Grafika
|b Rex a trpaslíci. Šeptajúce tajomstvo lesa
|c Michael Tierres, Kari Leppänen ; Zuzana Drábeková
|
| 260 |
|
|
|a Bratislava
|b Semic-Slovart
|c 1992
|e Budapešť
|f Semic-Interprint
|
| 300 |
|
|
|a 34 s.
|c 26x17 cm
|
| 366 |
|
|
|e 22 Kčs
|
| 500 |
|
|
|a Komiks.
|
| 500 |
|
|
|a Zo švéd. prel. Zuzana Drábeková.
|
| 655 |
|
7 |
|a beztextové leporelá
|2 SNK
|9 63057
|
| 700 |
1 |
|
|a Leppänen, Kari
|4 aut
|9 453939
|
| 700 |
1 |
|
|a Drábeková, Zuzana,
|d 1958-
|4 oth
|9 105789
|
| 852 |
|
|
|a Slovenská národná knižnica
|
| 919 |
|
|
|a 80-7147-093-7
|
| 954 |
|
|
|a komiksy
|a seriály kreslené detské
|a hračky knižné
|
| 958 |
|
|
|a BQ
|
| 958 |
|
|
|a DB
|
| 958 |
|
|
|a LX
|
| 958 |
|
|
|a TL
|
| 958 |
|
|
|a OND
|
| 999 |
|
|
|c 711539
|d 713469
|
| 952 |
|
|
|a SNK
|b SNK
|y PREZ
|7 0
|p 17A0801461
|o snkSB 49040/5
|0 0
|1 0
|4 0
|d 2012-07-12
|f 1
|l 0
|r 2025-02-28 00:00:00
|w 2026-02-23
|
| 952 |
|
|
|t P60, <04>, [BOOK], {604}
|a SNK
|b SNK
|y VYP
|7 0
|p 17A0148761
|o snkSB 49040/5 D1
|0 0
|1 0
|4 0
|d 1998-07-07
|l 0
|r 2005-01-01 00:00:00
|w 2026-02-23
|